Pillich Kálmánról

Elmentve itt :
Bibliográfiai részletek
Szerző: Móra Ferenc
Dokumentumtípus: Cikk
Megjelent: 1922-11-05
Sorozat:Délmagyarország 3 No. 192
Kulcsszavak:Pillich Kálmán, Várostörténet Szeged
Online Access:http://dmarchiv.bibl.u-szeged.hu/45171
LEADER 00464nab a2200157 i 4500
001 delm45171
005 20180927131923.0
008 180927s1922 hu o 0|| hun d
040 |a SZTE Délmagyarország Archívum  |b hun 
041 |a hun 
100 1 |a Móra Ferenc 
245 1 0 |a Pillich Kálmánról  |h [elektronikus dokumentum] /  |c  Móra Ferenc 
260 |c 1922-11-05 
300 |a 2-3 
490 0 |a Délmagyarország  |v 3 No. 192 
695 |a Pillich Kálmán, Várostörténet Szeged